1034 1029 1584 1795 1657 1413 1592 1498 1235 1613 1789 1541 1227 1114 1670 1085 1110 1532 1287 1911 1858 1878 1480 1613 1612 1153 1809 1801 1817 1309 1836 1191 1509 1641 1048 1740 1875 1354 1995 1070 1193 1006 1917 1038 1724 1220 1743 1505 1133 1047 1696 1087 1406 1925 1410 1006 1218 1606 1822 1869 1992 1103 1500 1986 1753 1816 1822 1018 1346 1629 1939 1359 1648 1292 1610 1014 1249 1336 1726 1383 1355 1927 1102 1405 1889 1204 1668 1984 1529 1786 1436 1741 1918 1435 1397 1120 1017 1930 1993 BCNSPRNW ULIB Ver.6.0+V

เปลี่ยนเป็นภาษาไทย

Change to English
 แสดงรายละเอียดบรรณานุกรม
  กลับหน้าหลัก

Brief Record : Get Marc (ISO 2709) : E-mail record : QR code < ปิดหน้าต่าง
LEADER : 00000nas 2200000uu 4500
001    13399126011
003     ULIB
008    180426s2559||||th 000 0 tha d
022 0  ^a19061137
245 00 ^aวารสารวิจัยสาธารณสุขศาสตร์ มหาวิทยาลัยขอนแก่น^bมหาวิทยาลัยขอนแก่น
310    ^aราย 6 เดือน
850 ^a ULIB^bปีที่ 9 ฉบับที่ 2 ฉ.1 ;ปีที่ 10 ฉบับที่ 4 ฉ.1 ;ปีที่ 9 ฉบับที่ 2 ฉ.1 ;ปีที่ 9 ฉบับที่ 3 ฉ.1 ;ปีที่ 10 ฉบับที่ 1 ฉ.1 ;ปีที่ 10 ฉบับที่ 2 ฉ.1 ;ปีที่ 10 ฉบับที่ 3 ฉ.1
856    ^aปีที่ 9 ฉบับที่ 2 ^bเมษายน-มิถุนายน^c2559
945    ^p0^l0^i904929
945    ^p0^l0^i904925
945    ^p0^l0^i904861
945    ^p0^l0^i904862
945    ^p0^l0^i904863
945    ^p0^l0^i904864
945    ^p0^l0^i904874
999    ^aประนอม เกษจรัล
รายการนี้ยังไม่มีแท็ก
คุณยังไม่ได้ล็อกอิน คุณสามารถมีกิจกรรมร่วมกับเว็บไซต์ได้ แต่ต้องล็อกอินก่อน ::
  ล็อกอิน

รายการสื่อสารสนเทศ (วารสาร)

ดูแบบ: กล่อง รายการ
ARRIVED
ปีที่ 9 ฉบับที่ 2 ฉ.1
สถานที่: ห้องสมุดวิทยาเขตสวรรค์ประชารักษ์ >วารสาร
ARRIVED
ปีที่ 9 ฉบับที่ 3 ฉ.1
สถานที่: ห้องสมุดวิทยาเขตสวรรค์ประชารักษ์ >วารสาร
ARRIVED
ปีที่ 10 ฉบับที่ 1 ฉ.1
สถานที่: ห้องสมุดวิทยาเขตสวรรค์ประชารักษ์ >วารสาร
ARRIVED
ปีที่ 10 ฉบับที่ 2 ฉ.1
สถานที่: ห้องสมุดวิทยาเขตสวรรค์ประชารักษ์ >วารสาร
ARRIVED
ปีที่ 10 ฉบับที่ 3 ฉ.1
สถานที่: ห้องสมุดวิทยาเขตสวรรค์ประชารักษ์ >หนังสือพิมพ์
ARRIVED
ปีที่ 10 ฉบับที่ 4 ฉ.1
สถานที่: ห้องสมุดวิทยาเขตสวรรค์ประชารักษ์ >วารสาร

BibComment


ยังไม่เคยถูกคอมเมนท์

คอมเมนท์ทรัพยากรรายการนี้
  คอมเมนท์: วารสารวิจัยสาธาร..


 Copyright 2026. Bcnsprnw @Library